| 000 | 00550nam a22002057a 4500 | ||
|---|---|---|---|
| 001 | 22154 | ||
| 005 | 20260330104537.0 | ||
| 008 | 260330b |||||||| |||| 00| 0 spa d | ||
| 041 | _aESP | ||
| 082 |
_a346.2 _bV65 |
||
| 100 | _aViladrich, Pedro-Juan | ||
| 245 |
_aLa agonía del matrimonio legal : _buna introducción a los elementos conceptuales básicos del matrimonio |
||
| 260 |
_a : _b , _c2010 |
||
| 300 |
_a200 páginas : _b ; _c22 cm. |
||
| 440 | _a ; | ||
| 650 | _aDER | ||
| 654 | _aCDE | ||
| 700 | _a; | ||
| 942 |
_cLIB _dJUS _fJUS _n0 _2ddc |
||
| 999 |
_c22154 _d22154 |
||